Són cançons de Manel? - Estadísticas

Estadísticas generales
  • Esta prueba ha sido intentada 79 veces
  • La puntuación promedio es 12 de 17
Answers on the Grid
Answers color-coded by a green-red scale on the quiz's grid according to % correct below.
Ai, Dolors
Benvolgut
Al mar!
Aniversari
Captatio benevolentiae
La cançó del soldadet
Criticarem les noves modes de pentinats
En la que el Bernat se't troba
Ceràmiques Guzmán
A Margalida
Maneres de viure
Vint-i-un botons
La vida moderna dels déus
Io cumpateshu
Estels al vent
Mediterrània
El seu gran hit
Ja no ens passa
Pantalons curts i els genolls pelats
El carrer dels torrats
Atracament a la caixa
El Miquel i l'Olga tornen
Corrandes de la parella estable
Els guapos són els raros
Boomerang
Nit freda per ser abril
Camals mullats
Teresa Rampell
Quin dia feia, amics...
Bella, de vós so enamorós
 
Estadísticas de respuestas
Respuesta % Correcto
Ai, Dolors
89%
Al mar!
89%
Benvolgut
89%
Boomerang
82%
Aniversari
76%
Els guapos són els raros
74%
El Miquel i l'Olga tornen
71%
Nit freda per ser abril
71%
Captatio benevolentiae
68%
Criticarem les noves modes de pentinats
68%
En la que el Bernat se't troba
68%
La cançó del soldadet
68%
Quin dia feia, amics...
68%
Corrandes de la parella estable
66%
Ceràmiques Guzmán
63%
Teresa Rampell
61%
Io cumpateshu
50%
No se encontraron pruebas coincidentes
Distribución de puntuación
Porcentaje de gente con cada puntuación
Porcentaje por número respondido
Historial de tus puntuaciones
No has intentado esta prueba.